Normal view
MARC view
- McAllister, John P.
Entry Personal Name
001 - CONTROL NUMBER
- control field: 43092
003 - CONTROL NUMBER IDENTIFIER
- control field: OSt
005 - DATE AND TIME OF LATEST TRANSACTION
- control field: 20210412092427.0
008 - FIXED-LENGTH DATA ELEMENTS
- fixed length control field: 210412|| aca||aabn | a|a d
040 ## - CATALOGING SOURCE
- Original cataloging agency: OSt
- Transcribing agency: OSt
100 ## - HEADING--PERSONAL NAME
- Personal name: McAllister, John P.
670 ## - SOURCE DATA FOUND
- Source citation: Work cat.: (OSt): McAllister, John P. , Expanded information in the audit report/, ©2011.
